000 00479nam a2200169Ia 4500
008 090711s9999 xx 000 0 und d
082 _b62088
100 _aनाईक गुरुनाथ
245 _aप्रतिज्ञा
260 _c1989
300 _a250
600 _aनाईक गुरुनाथ
630 _aप्रतिज्ञा
700 _aनाईक गुरुनाथ
730 _aप्रतिज्ञा
942 _cBOOK
999 _c295000
_d295000